| 000 | 00547nam a2200193 a 4500 | ||
|---|---|---|---|
| 005 | 20140310183159.0 | ||
| 008 | 021115s19uu xx 00 eng d | ||
| 020 | _a9812406743 | ||
| 050 |
_aQA 76.575 _b.Sh92 2001 |
||
| 100 | _aShuman, James E. | ||
| 245 |
_aMultimedia concepts : _billustrated introductory / _cJames E. Shuman. |
||
| 260 |
_aAustralia : _bThomson Learning, _c2001. |
||
| 300 |
_a230 p. : _bill.; _c24 cm. |
||
| 500 | _awith CD-ROM | ||
| 521 | _aIT | ||
| 546 | _aC1322 | ||
| 650 | _aMultimedia systems | ||
| 942 |
_cBK _2lcc _kFOR |
||
| 999 |
_c19828 _d19828 |
||